000
00347nam a2200145Ia 4500
003
OSt
005
20231230071936.0
008
170523s9999 xx 000 0 und d
020
_a
9789382174547
040
_c
IIMT UNIVERSITY
100
_a
Sonker- Deepak
245
0
_a
Computer Programming
260
_a
Vayu Education of India
942
_2
ddc
_c
02
999
_c
12385
_d
12385